LEADER 01157nam a2200289 u 4500 001 000000061715 003 CaOOAMICUS 005 20070226121044.0 008 010912s1976 it u000 u ita u 035 $a10902492 040 $aPUL(R)$bita 041 1 $aita$hger 100 1 $aBalthasar, Hans Urs von,$ccardinale,$d1905-1988.$0(OLS)http://pul/name/1429 240 10$aKatholisch.$lItaliano.$0(OLS)http://pul/title/80666 245 10$aCattolico /$cHans Urs von Balthasar. 260 $aMilano :$bJaca Book,$c1976. 300 $a145 p. ;$c19 cm 490 1 $aGià e non ancora.$aPocket ;$v19 504 $aBibliografia in nota. 650 4$aCattolicesimo.$0(OLS)http://pul/subject/3132 650 4$aDottrina cattolica.$0(OLS)http://pul/subject/9767 830 0$aGià e non ancora.$pPocket ;$v19.$0(OLS)http://pul/title/966 850 $aPUL 852 $aPUL$W1$xSL Religione 2$y84$mRH D4 170$j80351$nBK-PRI$b $qStampati altre collocazioni$B80351$CPULBib$Z2$F80351 $H $81 941 1 $a10 996 $6245$aCattolico$9(OLS)http://pul/title/80667 996 $6260$aMilano :$bJaca Book$9(OLS)http://pul/publisher/47900 LEADER 01249nam a2200241 u 4500 001 000000106286 003 CaOOAMICUS 005 20070713111906.0 008 070713s1989 gr a u000 u gre u 040 $aPUL$bita$dGP 100 1 $aPapoulides, Konstantinos K.$0(OLS)http://pul/name/50785 245 10$aGregorios G. Marasles (1831-1907) e zoe kai to ergo toy :$bsimbole ete arasterioteta toy ellenismoy the rosiae /$cKostantinos K. Papoulides. 260 $aThessaloniki :$bInstitute for Balkan studies,$c1989. 300 $a143 p. :$bill. ; 24 cm. 490 1 $aIdryma meleton chersonesoy tou aimou ;$v222 650 4$aEllenismo.$0(OLS)http://pul/subject/7340 710 2 $aInstitute for balkan studies.$0(OLS)http://pul/name/65159 830 0$aIdryma meleton chersonesoy tou aimou ;$v222.$0(OLS)http://pul/title/133839 850 $aPUL 852 $aPUL$W1$xSL Filosofia 1$y2$m130(1) E 54$j119481$qStampati$B119282$CPULBib$Z2$F119282 $H62725 $82 941 1 $a8 996 $6245$aGregorios G. Marasles (1831-1907) e zoe kai to ergo toy :$bsimbole ete arasterioteta toy ellenismoy the rosiae$9(OLS)http://pul/title/133841 996 $6260$aThessaloniki :$bInstitute for Balkan studies$9(OLS)http://pul/publisher/59980